[Event "SVK-chT2D 0809"]
[Site "Slovakia"]
[Date "2008.11.09"]
[Round "4.6"]
[White "Gerasimov, Krasimir"]
[Black "Vanco, Jozef"]
[Result "1/2-1/2"]
[WhiteElo "1830"]
[BlackElo "1599"]
[PlyCount "80"]
[EventDate "2008.10.11"]
[EventType "team-tourn"]
[EventRounds "11"]
[EventCountry "SVK"]
[SourceTitle "EXT 2010"]
[Source "ChessBase"]
[SourceDate "2010.11.25"]
[SourceVersion "1"]
[SourceVersionDate "2010.11.25"]
[SourceQuality "1"]
[WhiteTeam "Michalovce Zemplin II"]
[BlackTeam "Spisska Nova Ves"]
[WhiteTeamCountry "SVK"]
[BlackTeamCountry "SVK"]

1. c4 Nf6 2. Nc3 d5 3. cxd5 Nxd5 4. d3 e6 5. Bd2 Be7 6. Nf3 Bf6 7. d4 Bd7 8. e3 0-0 9. Bd3 Nc6 10. a3 g6 11. 0-0 Re8 12. h3 Nxc3 13. Bxc3 Ne7 14. b4 a6 15. Rc1 Bc6 16. Be2 Nf5 17. Bd3 Nh4 18. Nxh4 Bxh4 19. Be2 Qg5 20. Bf3 Bd5 21. e4 Bc6 22. g3 Bxg3 23. fxg3 Qxg3+ 24. Bg2 Bxe4 25. Qg4 Qe3+ 26. Kh1 Bf5 27. Qf3 Qxf3 28. Rxf3 c6 29. Re1 Rad8 30. h4 Rd7 31. Bh3 Bxh3 32. Rxh3 Rd5 33. Re5 Red8 34. Rhe3 Rxe5 35. Rxe5 Rd5 36. Kg2 Kf8 37. Kf3 Ke7 38. Kf4 f6 39. Rxd5 cxd5 40. a4 b5 1/2-1/2